000 01882nam a2200385 c 4500
003 BLK
005 20220601165231.0
008 180409b bul|||||r ||||||| ||bul||
010 _aKNG00144574000
020 _a978-954-9321-29-6
_bиздат.: Ибис - на том (т. 1)
040 _aBLK
041 _aBUL
_cBUL
072 7 _2bullib
_aН83
_xЧужда художествена литература Н
080 _aАмериканска литература (на САЩ)
_b821.111(73)
_x-312.9
_z821.111(73)-312.9
100 1 _aКейн, Рейчъл
_eпърви автор
_gКонрад, Роксана Лонгстрийт
_9303808
700 1 _aРадославова, Катя Живкова
_eпрев. от англ.
_9326390
700 1 _aКонрад, Роксан Лонгстрийт
_e*
_9303809
139 _aКейн, Рейчъл
_bК 49
245 1 0 _aВампирите от Морганвил
_bКн. 1 -
_cРейчъл Кейн; прев. от англ. Катя Живкова Радославова; * Роксан Лонгстрийт Конрад.
_nКн. 1
_pСтъклени къщи
257 _aUSA
260 София
_c2010 -
_fСофия : Симолини
300 _c20 см
380 _aX
500 _aОриг. загл. The Morganville Vampires / Rachel Caine. - Рейчъл Кейн - псевд. на Роксан Лонгстрийт Конрад.
653 _aфентъзи
653 _aвампири
653 _aромани
659 _aН
760 1 _3- на том (т. 1)
_aКейн, Рейчъл
_dИбис, 2010
_h274 с.
_nОриг. загл. Glass Houses / Rachel Caine.
_tКн. 1 Стъклени къщи
852 _aЦб 256079
856 4 _qpdf
_u
856 4 _qpdf
_u
942 _cKNG
_n0
_014
944 _aCR
_c02.07.2013
_lф /
_kНаталия_Медовщикова
944 _aED
_c26.08.2015
_lф /
_kЛюдмила_Стоянова
999 _c138580
_d138580